LEC split MVP (2020-2025 - Statistiques

Statistiques générales
  • Ce quiz a été pris 26 fois
  • Le résultat moyen est 9 sur 12
Statistiques - réponses
Split Player % Correct
2020 Summer Caps
100%
2023 Winter Caps
100%
2024 Season Caps
100%
2022 Summer Nisqy
79%
2025 Spring Upset
79%
2025 Winter Vladi
79%
2023 Spring Yike
74%
2020 Spring Jankos
68%
2023 Summer Mikyx
68%
2021 Spring Rekkles
58%
2022 Spring Vetheo
47%
2021 Summer Inspired
21%
Aucun quiz correspondant
Distribution des résultats
% des personnes avec chaque résultat
Percentile par nombre de réponses
Votre historique - résultats
Vous n’avez pas pris ce quiz